00166nam a2200073Ia 4500082000800000245001800008100002500026008004100051 aFER 0aOnsterflikes  aFerreira, Jeanette 210825s9999 xx 000 0 und d